| 000 | 00927nam a2200229Ia 4500 | ||
|---|---|---|---|
| 003 | GCL | ||
| 008 | 140319s9999 xx 000 0 ara d | ||
| 040 |
_aGCL / _cGCL |
||
| 082 | 0 | 4 |
_a722 _bص ع |
| 100 | 1 | _aصالح لمعى مصطفى | |
| 245 | 1 | 0 |
_aعمارة الحضارات القديمة : _bالمصرية، ما بين النهرين، اليونانية، الرومانية / _cصالح لمعى مصطفى |
| 260 |
_aبيروت : _bدار النهضة العربية ، _c1983 |
||
| 300 |
_a146ص،32لوحة: _bايض ؛ _c18?24 سم |
||
| 650 | 0 | 4 | _aالحضارة الفرعونية |
| 650 | 0 | 4 | _aالاثار الفرعونية |
| 650 | 0 | 4 | _aالعمارة المصرية القديمة |
| 650 | 0 | 4 | _aالحضارة الرومانية |
| 650 | 0 | 4 | _aالحضارة الهيلينية |
| 650 | 0 | 4 | _aالاثار الرومانية |
| 650 | 0 | 4 | _aحضارة العراق القديمة |
| 942 |
_2ddc _cBK |
||
| 999 |
_c37131 _d37131 |
||